LEADER 01058nam0-22003371i-450- 001 990005606730403321 005 20120430105925.0 035 $a000560673 035 $aFED01000560673 035 $a(Aleph)000560673FED01 035 $a000560673 100 $a19990604d1981----km-y0itay50------ba 101 0 $aita 102 $aIT 105 $aa---ab--001-y 200 1 $aDa Tiziano a El Greco$eper la storia del manierismo a Venezia, 1540-1590$ePalazzo Ducale, Settembre-Dicembre 1981 210 $aVenezia$cElecta$d1981 215 $a349 p.$cill.$d25 cm 610 0 $aPittura manierista$aVenezia$a1540-1590$aEsposizioni$a1981 676 $a759.531 712 01$aVenezia.$bAssessorato alla cultura 801 0$aIT$bUNINA$gRICA$2UNIMARC 901 $aBK 912 $a990005606730403321 952 $a759.531 MOSTRE VENEZIA 1981$bST.ARTE 14548$fFLFBC 952 $a759.531 MOSTRE VENEZIA 1981 BIS$bBibl.58948$fFLFBC 952 $a15.005$b7484$fDARST 959 $aFLFBC 959 $aDARST 996 $aDa Tiziano a El Greco$9268912 997 $aUNINA LEADER 01275aam 2200385I 450 001 9910711159903321 005 20151019095112.0 024 8 $aGOVPUB-C13-974284a0a9a1e5e435c13c41979a0740 035 $a(CKB)5470000002480411 035 $a(OCoLC)925472749 035 $a(EXLCZ)995470000002480411 100 $a20151019d1959 ua 0 101 0 $aeng 181 $2rdacontent 182 $2rdamedia 183 $2rdacarrier 200 10$aCRPL exponential reference atmosphere /$fB. R. Bean, G. D. Thayer 210 1$aGaithersburg, MD :$cU.S. Dept. of Commerce, National Institute of Standards and Technology,$d1959. 215 $a1 online resource 225 1 $aNBS monograph ;$v4 300 $a1959. 300 $aContributed record: Metadata reviewed, not verified. Some fields updated by batch processes. 300 $aTitle from PDF title page. 320 $aIncludes bibliographical references. 700 $aBean$b B. R$01387978 701 $aBean$b B. R$01387978 701 $aThayer$b G. D$01387979 712 02$aUnited States.$bNational Bureau of Standards. 801 0$bNBS 801 1$bNBS 801 2$bGPO 906 $aBOOK 912 $a9910711159903321 996 $aCRPL exponential reference atmosphere$93438283 997 $aUNINA